Machine Learning (Record no. 339448)
[ view plain ]
| 000 -LEADER | |
|---|---|
| fixed length control field | 00496nam a2200169Ia 4500 |
| 008 - FIXED-LENGTH DATA ELEMENTS--GENERAL INFORMATION | |
| fixed length control field | 230718s9999 xx 000 0 und d |
| 020 ## - INTERNATIONAL STANDARD BOOK NUMBER | |
| International Standard Book Number | 9781107422223 |
| 041 ## - LANGUAGE CODE | |
| Language code of text/sound track or separate title | eng |
| 082 ## - DEWEY DECIMAL CLASSIFICATION NUMBER | |
| Classification number | 006.31 |
| Item number | FLA |
| 100 ## - MAIN ENTRY--PERSONAL NAME | |
| Personal name | Flach P. |
| 245 ## - TITLE STATEMENT | |
| Title | Machine Learning |
| Remainder of title | The Art And Science Of Algorithms That Make Sense Of Data |
| 260 ## - PUBLICATION, DISTRIBUTION, ETC. (IMPRINT) | |
| Date of publication, distribution, etc. | 2014 |
| Name of publisher, distributor, etc. | Cambridge |
| 300 ## - PHYSICAL DESCRIPTION | |
| Extent | 396 |
| Accompanying material [OBSOLETE, CAN/MARC] | Ref 100 IT (50655) |
| 365 ## - TRADE PRICE | |
| Currency code | Rs. |
| Price amount | 3500.00 |
| 700 ## - ADDED ENTRY--PERSONAL NAME | |
| Personal name | Flach P. |
| 906 ## - LOCAL DATA ELEMENT F, LDF (RLIN) | |
| d | O:0450424-Jun-2015B:SBS/10/614-1519-Jun-2015 |
| c | IT |
| Withdrawn status | Lost status | Source of classification or shelving scheme | Reference No | Damaged status | Not for loan | Home library | Current library | Date acquired | Vendor | Budget Code | Cost, normal purchase price | Bill number | Full call number | Barcode | Date last seen | Cost, replacement price | Bill Date | Koha item type | Original Barcode |
|---|---|---|---|---|---|---|---|---|---|---|---|---|---|---|---|---|---|---|---|
| Dewey Decimal Classification | Ref 100 IT (50655) | Reference | Cummins College of Engineering for Women Pune | Cummins College of Engineering for Women Pune | 24/06/2015 | Syndicate Book Sellers and Distributors | IT | 3500.00 | SBS/10/614-15 | 006.31 | CCEP-BK-50655 | 18/07/2023 | 3500.00 | 19/06/2015 | Books | 050655 |